| 000 | 01361nab a22002777a 4500 | ||
|---|---|---|---|
| 999 |
_c6466 _d6466 |
||
| 003 | OSt | ||
| 005 | 20260209100316.0 | ||
| 008 | 190506c xxu||||| |||| 00| 0 spa d | ||
| 040 | _cPJ | ||
| 100 |
_97087 _aPadin, María Gabriela |
||
| 245 | 1 | 3 |
_aLa aplicación temporal de la reforma laboral (ley 27.742) : _banálisis de posturas doctrinarias y jurisprudenciales / _cMaría Gabriela Padin. |
| 260 |
_aBuenos Aires : _bAbeledoPerrot, _c2025. |
||
| 300 | _ap. 9-15 | ||
| 500 | _aCita: TR LALEY AR/DOC/151/2025. | ||
| 505 | _aSumario: I. Introducción.— II. Vigencia: implicancias y alcance.— III. Indemnizaciones agravadas derogadas y su impacto en la aplicación temporal de la reforma. Posturas en la jurisprudencia y en la doctrina.— IV. Retroactividad - Irretroactividad - Ultraactividad: posiciones.— V. Conclusiones. | ||
| 505 | _t¿Te interesa el texto completo? Comunicate al correo: koha@justierradelfuego.gov.ar | ||
| 650 | 0 |
_91316 _aDERECHO LABORAL |
|
| 650 | 0 |
_91323 _aCONTRATO DE TRABAJO |
|
| 650 | 0 |
_91533 _aDESPIDO |
|
| 650 | 0 |
_91383 _aLEY DE CONTRATO DE TRABAJO |
|
| 650 | 0 |
_91318 _aREMUNERACION |
|
| 650 | 0 |
_91803 _aRELACIONES LABORALES |
|
| 650 | 0 |
_91323 _aCONTRATO DE TRABAJO |
|
| 773 | 0 |
_02751 _93202 _dBuenos Aires : AbeledoPerrot, 2013- _tRevista de derecho laboral y seguridad social. Nº 5 - Marzo 2025 |
|
| 942 |
_2udc _cANA |
||